ბათუმის შოთა რუსთაველის სახელმწიფო უნივერსიტეტის ბიბლიოთეკა

ლაბორატორიული პრაქტიკუმი ჰიდრავლიკაში : სახელმძღ. / (ბიბ.ჩანაწერი № 38451)

000 -ლიდერი
ფიქსირებული სიგრძის საკონტროლო ველი 01121nam a2200253Ia 4500
001 - საკონტროლო ნომერი
საკონტროლო ველი 4463
003 - საკონტროლო ნომრის იდენტიფიკატორი
საკონტროლო ველი GE_BSU
005 - ბოლო ოპერაციის თარიღი და დრო
საკონტროლო ველი 20190517160531.0
008 - ფიქსირებული სიგრძის მონაცემთა ელემენტები - ზოგადი ინფორმაცია
ფიქსირებული სიგრძის საკონტროლო ველი 181216s1978|||| |||||||||||||| ||geo||
040 ## - კატალოგიზაციის წყარო
Transcribing agency GE_BSU
041 ## - ენის კოდი
Language code of text/sound track or separate title geo
080 ## - უნივერსალური ათობითი კლასიფიკაციის ინდექსი
Universal Decimal Classification number 532(076) დ–19
100 ## - მთავარი ჩანაწერი - პიროვნების სახელი
Personal name დანელია,ნ.
9 (RLIN) 1317
245 ## - ცნობა სათაურის შესახებ
Title ლაბორატორიული პრაქტიკუმი ჰიდრავლიკაში : სახელმძღ. /
Statement of responsibility, etc ნ.დანელია ; ა. პაპაშვილი ; თ. ამბროლაძე ; რედ : ე. კირვალიძე.
264 ## - წარმოების, გამოცემის, დისტრიბუციის და სხვა ცნობები
გამოცემის, წარმოების, დისტრიბუციის... ადგილი თბილისი :
გამოცემის, წარმოების, დისტრიბუციის... სახელწოდება სპი,
გამოცემის, წარმოების, დისტრიბუციის... თარიღი 1978.
300 ## - ფიზიკური აღწერა
Extent 120 გვ .:
Dimensions 20 სმ.
653 ## - INDEX TERM--UNCONTROLLED
Uncontrolled term ლაბორატორიული პრაქტიკუმი ჰიდრავლიკაში
653 ## - INDEX TERM--UNCONTROLLED
Uncontrolled term ჰიდრავლიკა
653 ## - INDEX TERM--UNCONTROLLED
Uncontrolled term ფიზიკა
700 ## - ADDED ENTRY--PERSONAL NAME
Personal name პაპაშვილი,ა
9 (RLIN) 1255
700 ## - ADDED ENTRY--PERSONAL NAME
Personal name ამბროლაძე,თ
9 (RLIN) 1318
700 ## - ADDED ENTRY--PERSONAL NAME
Personal name კირვალიძე, ე
Relator term რედაქტორი
9 (RLIN) 492
942 ## - ADDED ENTRY ELEMENTS (KOHA)
Koha item type წიგნი
Source of classification or shelving scheme
ეგზემპლარები
ჩამოწერის სტატუსი დაკარგული ეგზემპლარის სტატუსი კლასიფიკაციის წყარო ან თაროზე გაწყობის სქემა დაზიანების სტატუსი არ გაიცემა მუდმივი მდებარეობა (დაცვის ადგილი) ამჟამინდელი ადგილსამყოფელი თაროზე განთავსების ადგილი შეძენის თარიღი ღირებულება, შესყიდვის ნორმალური ფასი სრული შენახვის შიფრი შტრიხკოდი ბოლო ოპერაციის თარიღი ეგზემპლარის მიმდევრობითი ნომერი (კეტერი?) ფასის ძალაში შესვლის თარიღი ეგზემპლარის სახეობა საჯარო შენიშვნა
          ტექნოლოგიური ფაკულტეტის ბიბლიოთეკა ტექნოლოგიური ფაკულტეტის ბიბლიოთეკა წიგნსაცავი 2018-12-17 1.00 532(076) დ–19 8697 2018-12-17 8697 2018-12-17 წიგნი 1 ლ.40თ.
          ტექნოლოგიური ფაკულტეტის ბიბლიოთეკა ტექნოლოგიური ფაკულტეტის ბიბლიოთეკა წიგნსაცავი 2018-12-17 1.00 532(076) დ–19 8698 2018-12-17 8698 2018-12-17 წიგნი 1 ლ.40 თ.
          ტექნოლოგიური ფაკულტეტის ბიბლიოთეკა ტექნოლოგიური ფაკულტეტის ბიბლიოთეკა წიგნსაცავი 2018-12-17 1.00 532(076) დ–19 8699 2018-12-17 8699 2018-12-17 წიგნი 1 ლ.40თ.